| 000 | 00704nam a22002175i 4500 | ||
|---|---|---|---|
| 001 | 68673 | ||
| 003 | ES-MaACL | ||
| 005 | 20230906170331.0 | ||
| 007 | t| | ||
| 008 | 960827s1864 fr ||||1| fre d | ||
| 040 |
_aCAM _bspa _cCAM |
||
| 100 | 1 |
_aGervinus, Georges-Gottfried. _956517 |
|
| 245 | 1 | 0 |
_aIntroduction a l'histoire du XIX siècle / _cpar G.-G. Gervinus; traduit de l'allemand par Francois van Meenen. |
| 260 |
_aParis : _bA. Lacroix, _c1864. |
||
| 300 |
_a193 p. ; _c22 cm. |
||
| 490 | 1 | _aCollection d'histoire contemporaine | |
| 700 | 1 |
_aMeenen, Francois van. _979789 |
|
| 830 | 0 |
_aCollection d'histoire contemporaine _9230954 |
|
| 852 |
_aES-MaACL _jD-4857 |
||
| 999 |
_c68673 _d68673 |
||